Online Public Access Catalog -OPAC

Taking the rough with the smooth: dietary fibre and your health: a new medical breakthrough. (Record no. 2183)

MARC details
000 -LEADER
fixed length control field 00480nam a2200121Ia 4500
008 - FIXED-LENGTH DATA ELEMENTS--GENERAL INFORMATION
fixed length control field 180412s9999||||xx |||||||||||||| ||und||
020 ## - INTERNATIONAL STANDARD BOOK NUMBER
International Standard Book Number 285622277
040 ## - CATALOGING SOURCE
Original cataloging agency Ahmadu Bello University Library - Zaria
100 ## - MAIN ENTRY--PERSONAL NAME
Personal name STANWAY, Andrew.
245 #0 - TITLE STATEMENT
Title Taking the rough with the smooth: dietary fibre and your health: a new medical breakthrough.
Statement of responsibility, etc. Andrew Stanway.
260 ## - PUBLICATION, DISTRIBUTION, ETC.
Place of publication, distribution, etc. London.
Name of publisher, distributor, etc. Sauvenir Press
Date of publication, distribution, etc. 1976
300 ## - PHYSICAL DESCRIPTION
Extent 255p.
600 ## - SUBJECT ADDED ENTRY--PERSONAL NAME
Personal name Nutritional requirements. Biological value of foods. Tables of food values.

No items available.

Customized by ICT Technical Service Unit on 29th Dec 2022

Kashim Ibrahim Library